| 000 -LEADER |
| fixed length control field |
00959cam a22002538i 4500 |
| 001 - CONTROL NUMBER |
| control field |
18768584 |
| 005 - DATE AND TIME OF LATEST TRANSACTION |
| control field |
20221107113353.0 |
| 008 - FIXED-LENGTH DATA ELEMENTS--GENERAL INFORMATION |
| fixed length control field |
150824s2016 nyu b 001 0 eng |
| 010 ## - LIBRARY OF CONGRESS CONTROL NUMBER |
| LC control number |
2015032679 |
| 020 ## - INTERNATIONAL STANDARD BOOK NUMBER |
| International Standard Book Number |
9781259587702 (pbk. : alk. paper) 1 |
| 080 ## - UNIVERSAL DECIMAL CLASSIFICATION NUMBER |
| Universal Decimal Classification number |
61+615.89 C-29 |
| 100 1# - MAIN ENTRY--PERSONAL NAME |
| Personal name |
Toy, Eugene C., |
| Relator term |
author. |
| 9 (RLIN) |
9507 |
| 245 10 - TITLE STATEMENT |
| Title |
Case files. |
| Name of part/section of a work |
Family medicine / |
| Statement of responsibility, etc. |
Eugene C. Toy, Donald Briscoe, Bruce Britton, Joel J. Heidelbaugh. |
| 250 ## - EDITION STATEMENT |
| Edition statement |
Fourth edition. |
| 264 #1 - PRODUCTION, PUBLICATION, DISTRIBUTION, MANUFACTURE, AND COPYRIGHT NOTICE |
| Place of production, publication, distribution, manufacture |
New York : |
| Name of producer, publisher, distributor, manufacturer |
McGraw-Hill Education, |
| Date of production, publication, distribution, manufacture, or copyright notice |
[2016] |
| 300 ## - PHYSICAL DESCRIPTION |
| Extent |
691 p. |
| Dimensions |
ill. |
| Other physical details |
23 cm. |
| 650 12 - SUBJECT ADDED ENTRY--TOPICAL TERM |
| Topical term or geographic name entry element |
Family Practice |
| Form subdivision |
Problems and Exercises. |
| 9 (RLIN) |
9509 |
| 653 ## - INDEX TERM--UNCONTROLLED |
| keyword |
საოჯახო მედიცინა |
| 700 1# - ADDED ENTRY--PERSONAL NAME |
| Personal name |
Toy Eugene |
| Relator term |
ავტორი |
| 9 (RLIN) |
9510 |
| 700 1# - ADDED ENTRY--PERSONAL NAME |
| Personal name |
Briscoe, Donald A., |
| Relator term |
ავტორი |
| 9 (RLIN) |
9511 |
| 700 1# - ADDED ENTRY--PERSONAL NAME |
| Personal name |
Britton, Bruce, |
| Dates associated with a name |
1962- , |
| Relator term |
ავტორი |
| 9 (RLIN) |
9512 |
| 700 1# - ADDED ENTRY--PERSONAL NAME |
| Personal name |
Heidelbaugh, Joel J., |
| Relator term |
ავტორი |
| 9 (RLIN) |
9513 |
| 942 ## - ADDED ENTRY ELEMENTS (KOHA) |
| Source of classification or shelving scheme |
|
| Koha item type |
წიგნი |